[Event "DEM U10/U10w 2015"]
[Site "Willingen GER"]
[Date "2015.05.28"]
[Round "8"]
[White "Wagner, Leopold Franziskus"]
[Black "Bethke, Richard"]
[Result "0-1"]
[Termination "normal"]
[Board "1"]
[WhiteElo "1803"]
[BlackElo "1655"]
[WhiteClock "00:05:24"]
[BlackClock "01:01:15"]
[PlyCount "162"]
[WhiteFideId "1641581"]
[BlackFideId "12959243"]
[EventCountry "GER"]
[EventRounds "11"]
[EventType "swiss"]
[EventDate "2015.05.23"]

1. e4 e5 2. Nc3 Nf6 3. Nf3 Nc6 4. Bb5 a6 5. Bxc6 dxc6 6. O-O Bg4 7. h3 Bh5 8.
d3 Bd6 9. Be3 O-O 10. Qe2 Qe7 11. Rad1 Bg6 12. Bg5 h6 13. Bh4 Rfe8 14. Rfe1
Rad8 15. Nb1 Qe6 16. b3 Rd7 17. Bxf6 Qxf6 18. Nbd2 Bb4 19. Nh2 Qe6 20. g4 Bh7
21. Rf1 g6 22. Qe3 Kg7 23. Qa7 c5 24. Qxb7 Ba5 25. a3 h5 26. Kg2 Kh8 27. b4
cxb4 28. axb4 c5 29. Qxd7 Qxd7 30. bxa5 hxg4 31. hxg4 f5 32. f3 f4 33. Rh1 Kg7
34. Nhf1 Qa4 35. Nb3 Qa2 36. Rc1 Bg8 37. Nfd2 Rb8 38. Na1 Qxa5 39. Rhd1 Qa2 40.
Kh1 Be6 41. Kg2 Qa5 42. Nab3 Bxb3 43. Nxb3 Rxb3 44. cxb3 Qa2+ 45. Kg1 Qxb3 46.
Rd2 Qb6 47. Kg2 Qb5 48. Rc3 a5 49. Rdc2 a4 50. Rxc5 Qxd3 51. R5c3 Qd1 52. Rf2
Qa1 53. Rcc2 a3 54. Ra2 Qc3 55. Rf1 Kf6 56. Rfa1 Kg5 57. Rf1 Qd3 58. Rff2 Qb3
59. Rfe2 Kh4 60. Rf2 Kg5 61. Rad2 Kh4 62. Rc2 Qb4 63. Rc6 Kg5 64. Re6 Qa4 65.
Ra2 Qc4 66. Rxe5+ Kf6 67. Rxa3 Kxe5 68. Ra5+ Ke6 69. Rg5 Kf6 70. Rd5 Qe2+ 71.
Kg1 Qxf3 72. e5+ Ke6 73. Rd6+ Kxe5 74. Rxg6 Qd1+ 75. Kh2 Qc2+ 76. Kg1 Qxg6 77.
Kf2 Qxg4 78. Ke1 Qg2 79. Kd1 Kd4 80. Kc1 Kc3 81. Kb1 Qb2# 0-1

[Event "DEM U10/U10w 2015"]
[Site "Willingen GER"]
[Date "2015.05.28"]
[Round "8"]
[White "Hetzner, Hannes"]
[Black "Krastev, Alexander"]
[Result "0-1"]
[Termination "normal"]
[Board "2"]
[WhiteElo "1361"]
[BlackElo "1940"]
[WhiteClock "00:43:05"]
[BlackClock "01:04:55"]
[PlyCount "40"]
[WhiteFideId "16211936"]
[BlackFideId "12989983"]
[EventCountry "GER"]
[EventRounds "11"]
[EventType "swiss"]
[EventDate "2015.05.23"]

1. e4 e5 2. f4 exf4 3. Nf3 Ne7 4. d4 d5 5. exd5 Nxd5 6. Bc4 Be6 7. Bxd5 Bxd5 8.
O-O Nc6 9. c3 Bd6 10. Re1+ Ne7 11. Ne5 Bxe5 12. Rxe5 O-O 13. Qh5 f6 14. Re1 Ng6
15. Nd2 Re8 16. Rxe8+ Qxe8 17. Qxd5+ Kh8 18. Nf3 Qe2 19. Bd2 Nh4 20. Bxf4 Qxg2#
0-1

[Event "DEM U10/U10w 2015"]
[Site "Willingen GER"]
[Date "2015.05.28"]
[Round "8"]
[White "Haufe, Laurin"]
[Black "Kirchner, Markus"]
[Result "1/2-1/2"]
[Termination "normal"]
[Board "3"]
[WhiteElo "1575"]
[BlackElo "1633"]
[WhiteClock "00:28:02"]
[BlackClock "00:30:53"]
[PlyCount "85"]
[WhiteFideId "12976504"]
[BlackFideId "12979163"]
[EventCountry "GER"]
[EventRounds "11"]
[EventType "swiss"]
[EventDate "2015.05.23"]

1. e4 e6 2. d4 d5 3. exd5 exd5 4. Bd3 Bd6 5. Ne2 Ne7 6. Bf4 Bf5 7. O-O O-O 8.
Re1 c6 9. c3 Qc7 10. Bg3 Bxd3 11. Qxd3 Ng6 12. Nd2 Nd7 13. Bxd6 Qxd6 14. Ng3
Nf6 15. Nf3 Rfe8 16. Rad1 Rad8 17. h3 Qc7 18. Qc2 Qf4 19. Qc1 Qxc1 20. Rxc1 Nf4
21. Rcd1 Kf8 22. Kf1 Rxe1+ 23. Nxe1 Re8 24. Nd3 Nxd3 25. Rxd3 g6 26. Re3 Rxe3
27. fxe3 h5 28. h4 Ke7 29. Ke2 Ke6 30. Kf3 Ne8 31. e4 Nd6 32. e5 Nf5 33. Nxf5
Kxf5 34. a4 b6 35. b3 b5 36. a5 b4 37. cxb4 a6 38. b5 cxb5 39. b4 g5 40. g3
gxh4 41. gxh4 Ke6 42. Ke3 Kf5 43. Kf3 1/2-1/2

[Event "DEM U10/U10w 2015"]
[Site "Willingen GER"]
[Date "2015.05.28"]
[Round "8"]
[White "Marschall, Tillmann"]
[Black "Bui, Bao Anh Le"]
[Result "1/2-1/2"]
[Termination "normal"]
[Board "4"]
[WhiteElo "1423"]
[BlackElo "1660"]
[WhiteClock "00:49:42"]
[BlackClock "00:10:15"]
[PlyCount "40"]
[WhiteFideId "12973220"]
[BlackFideId "12970719"]
[EventCountry "GER"]
[EventRounds "11"]
[EventType "swiss"]
[EventDate "2015.05.23"]

1. e4 c5 2. Nf3 d6 3. d4 cxd4 4. Nxd4 Nf6 5. Nc3 a6 6. Be3 e5 7. Nb3 Be6 8. Be2
Be7 9. O-O O-O 10. h3 Nbd7 11. Qd2 Qc7 12. Rfd1 b5 13. Bd3 Nb6 14. Na5 Rab8 15.
Rdb1 Rfc8 16. a4 Nc4 17. Nxc4 bxc4 18. Be2 Rb7 19. a5 Qc6 20. Bf3 Qc7 1/2-1/2

[Event "DEM U10/U10w 2015"]
[Site "Willingen GER"]
[Date "2015.05.28"]
[Round "8"]
[White "Kosev, Momchil"]
[Black "Musiolik, David"]
[Result "0-1"]
[Termination "normal"]
[Board "5"]
[WhiteElo "1391"]
[BlackElo "1629"]
[WhiteClock "00:29:35"]
[BlackClock "00:34:42"]
[PlyCount "102"]
[WhiteFideId "12975982"]
[BlackFideId "12972355"]
[EventCountry "GER"]
[EventRounds "11"]
[EventType "swiss"]
[EventDate "2015.05.23"]

1. d4 d5 2. Nf3 Nc6 3. g3 Bg4 4. Bg2 Qd7 5. O-O f6 6. c4 e6 7. cxd5 exd5 8. Nc3
O-O-O 9. Qa4 Nge7 10. Bd2 h5 11. Rac1 g5 12. Nb5 a6 13. Na3 h4 14. Rfd1 Bh3 15.
Bh1 Qg4 16. Be1 f5 17. Nc2 f4 18. Qb3 hxg3 19. fxg3 Nf5 20. Ne5 Nxe5 21. dxe5
Qxe2 22. Qf3 Bc5+ 23. Bf2 Bxf2+ 24. Qxf2 Qxf2+ 25. Kxf2 Bg4 26. Rd3 Rxh2+ 27.
Kg1 Rh3 28. Bxd5 Rxg3+ 29. Rxg3 Nxg3 30. Bc4 b5 31. Bf1 Be2 32. Bg2 Bd1 33. Bf1
Bxc2 34. Rxc2 Rd1 35. Rf2 Rxf1+ 36. Rxf1 Nxf1 37. Kxf1 Kd7 38. Kf2 Ke6 39. Kf3
Kxe5 40. a3 Kf5 41. b3 g4+ 42. Kf2 Ke4 43. a4 g3+ 44. Kf1 bxa4 45. bxa4 Kf3 46.
a5 g2+ 47. Kg1 c6 48. Kh2 Kf2 49. Kh3 g1=Q 50. Kh4 Qg6 51. Kh3 Qh5# 0-1

[Event "DEM U10/U10w 2015"]
[Site "Willingen GER"]
[Date "2015.05.28"]
[Round "8"]
[White "Lutz, Ruben"]
[Black "Butenandt, Svenja"]
[Result "1-0"]
[Termination "normal"]
[Board "6"]
[WhiteElo "1524"]
[BlackElo "1342"]
[WhiteClock "00:34:54"]
[BlackClock "00:48:34"]
[PlyCount "79"]
[WhiteFideId "12975974"]
[BlackFideId "12993859"]
[EventCountry "GER"]
[EventRounds "11"]
[EventType "swiss"]
[EventDate "2015.05.23"]

1. d4 d5 2. c4 e6 3. cxd5 exd5 4. Nc3 Nf6 5. Bg5 c6 6. e3 Be7 7. Bd3 Nbd7 8.
Nf3 Nh5 9. Bxe7 Qxe7 10. Qc2 Nf4 11. O-O Nxd3 12. Qxd3 O-O 13. Rac1 Nb6 14. Ne5
f6 15. Nf3 Be6 16. Nd2 Bf7 17. Qc2 Bg6 18. Qb3 Qc7 19. Nxd5 Nxd5 20. Qxd5+ Bf7
21. Qf5 Bxa2 22. b3 Qf7 23. Qc2 Bxb3 24. Nxb3 a5 25. Nc5 b6 26. Na4 b5 27. Nc5
Qg6 28. Qxg6 hxg6 29. Ra1 a4 30. Rfb1 Ra7 31. Ra3 Rb8 32. Rxa4 bxa4 33. Rxb8+
Kh7 34. Rb2 a3 35. Ra2 Kg8 36. Kf1 Kf7 37. Ke2 Ke7 38. Kd3 Kd6 39. Kc4 Ra5 40.
Nb7+ 1-0

[Event "DEM U10/U10w 2015"]
[Site "Willingen GER"]
[Date "2015.05.28"]
[Round "8"]
[White "Röhr, Oliver"]
[Black "Pubantz, Jan"]
[Result "1-0"]
[Termination "normal"]
[Board "7"]
[WhiteElo "1453"]
[BlackElo "1363"]
[WhiteClock "00:11:21"]
[BlackClock "00:12:52"]
[PlyCount "80"]
[WhiteFideId "12987697"]
[BlackFideId "12996114"]
[EventCountry "GER"]
[EventRounds "11"]
[EventType "swiss"]
[EventDate "2015.05.23"]

1. d4 d5 2. c4 c6 3. cxd5 cxd5 4. Nf3 Nc6 5. Nc3 Nf6 6. Bf4 e6 7. e3 Bd6 8.
Bxd6 Qxd6 9. Bd3 O-O 10. O-O e5 11. dxe5 Nxe5 12. Nxe5 Qxe5 13. h3 Ne4 14. Bxe4
dxe4 15. Qd5 Qxd5 16. Nxd5 Be6 17. Nc3 Bc4 18. Rfd1 Bd3 19. Rd2 Rfd8 20. Rad1
Rf8 21. Na4 Rac8 22. Nc3 Rc5 23. f3 f5 24. Rf2 Rf6 25. fxe4 fxe4 26. Rxf6 gxf6
27. Rc1 Rc4 28. a3 Rc6 29. Na2 Rxc1+ 30. Nxc1 Bc4 31. Kf2 Kf7 32. Kg3 Ke6 33.
h4 h5 34. Kf4 Bf1 35. g3 Bg2 36. Nb3 b6 37. Nd4+ Kf7 38. Nb5 a5 39. Nd6+ Ke6
40. Nxe4 b5 1-0

[Event "DEM U10/U10w 2015"]
[Site "Willingen GER"]
[Date "2015.05.28"]
[Round "8"]
[White "Weihrauch, Jakob"]
[Black "Lohvinov, Petro"]
[Result "1/2-1/2"]
[Termination "normal"]
[Board "8"]
[WhiteElo "1594"]
[BlackElo "1418"]
[WhiteClock "00:27:55"]
[BlackClock "00:12:03"]
[PlyCount "108"]
[WhiteFideId "16210115"]
[BlackFideId "14176661"]
[EventCountry "GER"]
[EventRounds "11"]
[EventType "swiss"]
[EventDate "2015.05.23"]

1. e4 c5 2. Nf3 Nc6 3. d4 cxd4 4. Nxd4 Nf6 5. Nc3 e5 6. Ndb5 d6 7. Bg5 a6 8.
Na3 Be6 9. Nc4 Rc8 10. Bxf6 Qxf6 11. Nb6 Rb8 12. Nbd5 Qd8 13. Qd2 Be7 14. Nxe7
Qxe7 15. O-O-O Rd8 16. Kb1 O-O 17. Nd5 Qd7 18. f3 f5 19. exf5 Bxf5 20. Bd3 Bxd3
21. Qxd3 Kh8 22. h4 Qf5 23. Qxf5 Rxf5 24. c3 Kg8 25. Kc2 Kf7 26. Kd3 Ne7 27.
Nxe7 Kxe7 28. h5 Ke6 29. Ke3 Rdf8 30. Rh4 d5 31. Rdh1 Rf4 32. Rxf4 Rxf4 33. Rd1
Rh4 34. g4 Rh3 35. Rf1 Rh2 36. Rf2 Rh1 37. Rd2 Rh3 38. Rf2 Rg3 39. Kd3 e4+ 40.
Ke3 exf3 41. Kf4 Rg2 42. Kxf3 Rxf2+ 43. Kxf2 Kf6 44. Kg3 Kg5 45. Kf3 g6 46.
hxg6 hxg6 47. Kg3 Kf6 48. Kh4 Kf7 49. Kg5 Kg7 50. b4 b6 51. a4 b5 52. axb5 axb5
53. Kf4 Kf6 54. Kf3 Ke5 1/2-1/2

[Event "DEM U10/U10w 2015"]
[Site "Willingen GER"]
[Date "2015.05.28"]
[Round "8"]
[White "Colbow, Collin"]
[Black "Stahnecker, Hagen"]
[Result "1-0"]
[Termination "normal"]
[Board "9"]
[WhiteElo "1489"]
[BlackElo "1257"]
[PlyCount "69"]
[WhiteFideId "16201132"]
[BlackFideId "16225422"]
[EventCountry "GER"]
[EventRounds "11"]
[EventType "swiss"]
[EventDate "2015.05.23"]

1. e4 e5 2. Nf3 Nc6 3. Bc4 Be7 4. a4 Nf6 5. d3 d6 6. O-O O-O 7. Nbd2 Be6 8. c3
Qd7 9. b4 a6 10. Re1 b6 11. Qb3 Bxc4 12. Nxc4 Rfb8 13. Ne3 Nd8 14. Nf5 Qe6 15.
Qxe6 Nxe6 16. Nxe7+ Kh8 17. Nf5 h6 18. Bb2 Kh7 19. Rac1 Nf4 20. Rcd1 g5 21. h3
Rg8 22. Bc1 g4 23. hxg4 Rxg4 24. Bxf4 Rxf4 25. Ne3 Rg8 26. Nh2 Rh4 27. Nf5 Rh5
28. Re3 Rxh2 29. Kxh2 Ng4+ 30. Kg1 Nxe3 31. Nxe3 h5 32. Nd5 Rc8 33. Re1 Kh6 34.
Re3 Kg5 35. Rf3 1-0

[Event "DEM U10/U10w 2015"]
[Site "Willingen GER"]
[Date "2015.05.28"]
[Round "8"]
[White "Stockmann, Till"]
[Black "Simukov, Erik"]
[Result "0-1"]
[Termination "normal"]
[Board "10"]
[WhiteElo "1442"]
[BlackElo "1515"]
[PlyCount "66"]
[WhiteFideId "12979341"]
[BlackFideId "12995380"]
[EventCountry "GER"]
[EventRounds "11"]
[EventType "swiss"]
[EventDate "2015.05.23"]

1. e4 e5 2. Nf3 Nc6 3. Bc4 Bc5 4. O-O d6 5. c3 Qf6 6. d3 h6 7. b4 Bb6 8. a4 a6
9. Nbd2 Nge7 10. Re1 O-O 11. h3 Ng6 12. Nf1 Kh8 13. Ng3 Nh4 14. Be3 Nxf3+ 15.
Qxf3 Qxf3 16. gxf3 Bxe3 17. fxe3 Bxh3 18. f4 Be6 19. Ba2 b5 20. a5 exf4 21.
exf4 g5 22. fxg5 hxg5 23. d4 Bxa2 24. Rxa2 Kg7 25. Nf5+ Kg6 26. Rg2 f6 27. Kf2
Rae8 28. Re3 Ne7 29. Ng3 f5 30. Rf3 f4 31. Nf1 Ng8 32. Nd2 Nf6 33. Rxf4 Nxe4+
0-1

[Event "DEM U10/U10w 2015"]
[Site "Willingen GER"]
[Date "2015.05.28"]
[Round "8"]
[White "Deutsch, Christoph"]
[Black "Prieb, Robert"]
[Result "1/2-1/2"]
[Termination "normal"]
[Board "11"]
[WhiteElo "1291"]
[BlackElo "1426"]
[PlyCount "109"]
[WhiteFideId "16206878"]
[BlackFideId "16212002"]
[EventCountry "GER"]
[EventRounds "11"]
[EventType "swiss"]
[EventDate "2015.05.23"]

1. e4 g6 2. d4 Bg7 3. Nf3 d6 4. Bf4 Nf6 5. Nbd2 O-O 6. c3 Bg4 7. Qc2 c5 8. h3
Bxf3 9. Nxf3 cxd4 10. cxd4 Nbd7 11. Bd3 Rc8 12. Qd2 Qb6 13. O-O Rfe8 14. Be3
Qd8 15. Rac1 a6 16. Rxc8 Qxc8 17. Rc1 Qb8 18. Qc2 e5 19. dxe5 dxe5 20. Qc7 Bf8
21. Qxb8 Rxb8 22. Kf1 a5 23. Bg5 Bd6 24. Ke2 Kg7 25. Be3 b6 26. Rc6 Bc5 27.
Bxc5 bxc5 28. b3 a4 29. Nd2 axb3 30. Nxb3 Ra8 31. Bb1 Ra4 32. f3 Rb4 33. g4 g5
34. Bd3 Ra4 35. Ra6 Rxa6 36. Bxa6 Kf8 37. Bd3 Ke7 38. a4 Kd6 39. a5 Ne8 40. Bc4
f6 41. Bb5 Nc7 42. Bxd7 Kxd7 43. Nxc5+ Kd6 44. Nb3 Kc6 45. Nc1 Kb5 46. Nd3 Na6
47. Kf2 Kxa5 48. Kg3 Kb5 49. h4 h6 50. h5 Nc5 51. Nxc5 Kxc5 52. Kf2 Kc4 53. Ke2
Kc3 54. Ke3 Kc2 55. Ke2 1/2-1/2

[Event "DEM U10/U10w 2015"]
[Site "Willingen GER"]
[Date "2015.05.28"]
[Round "8"]
[White "Evering, Sören"]
[Black "Rempe, Jonas"]
[Result "1-0"]
[Termination "normal"]
[Board "12"]
[WhiteElo "1712"]
[BlackElo "1292"]
[PlyCount "68"]
[WhiteFideId "12974650"]
[BlackFideId "16202406"]
[EventCountry "GER"]
[EventRounds "11"]
[EventType "swiss"]
[EventDate "2015.05.23"]

1. e4 e6 2. Nf3 d5 3. Nc3 Nf6 4. e5 Nfd7 5. d4 c5 6. dxc5 Bxc5 7. Bd3 Nc6 8.
Bf4 Qc7 9. Qe2 Nb6 10. O-O Bd7 11. a3 O-O-O 12. Nb5 Qb8 13. a4 a5 14. c3 Rde8
15. Be3 Bxe3 16. Qxe3 Na8 17. Nd6+ Kd8 18. Nxf7+ Ke7 19. Nxh8 Rxh8 20. Qg5+ Kf8
21. Bb5 Nb6 22. Bxc6 Bxc6 23. Nd4 Bd7 24. b3 Nc8 25. Rfe1 Ne7 26. Re3 Ng6 27.
Rae1 Kg8 28. h4 Qe8 29. h5 Ne7 30. h6 g6 31. Rf3 Nf5 32. Nxf5 exf5 33. e6 Bc8
34. Rxf5 b6 1-0

[Event "DEM U10/U10w 2015"]
[Site "Willingen GER"]
[Date "2015.05.28"]
[Round "8"]
[White "Schröder, Lennart"]
[Black "Hommer, Jeremy"]
[Result "1/2-1/2"]
[Termination "normal"]
[Board "13"]
[WhiteElo "1339"]
[BlackElo "1570"]
[PlyCount "68"]
[WhiteFideId "16222490"]
[BlackFideId "12992577"]
[EventCountry "GER"]
[EventRounds "11"]
[EventType "swiss"]
[EventDate "2015.05.23"]

1. d4 f5 2. c4 e6 3. Nc3 d5 4. Nf3 c6 5. Bf4 Nf6 6. e3 Bd6 7. Bg3 O-O 8. Bd3
Ne4 9. Qc2 Na6 10. a3 Nc7 11. Bxd6 Qxd6 12. O-O Bd7 13. Ne5 Be8 14. f3 Nf6 15.
c5 Qd8 16. Rfd1 Bh5 17. b4 Nd7 18. Nxd7 Qxd7 19. Ne2 Rf6 20. Nf4 Rh6 21. a4 Qe7
22. Nxh5 Rxh5 23. f4 Kh8 24. Qe2 Rh6 25. b5 g5 26. b6 Ne8 27. a5 a6 28. Rf1 Rg6
29. Kh1 Nf6 30. Rf3 Ne4 31. Bxe4 dxe4 32. Rf2 Rd8 33. Rd1 Rd5 34. g3 g4 1/2-1/2

[Event "DEM U10/U10w 2015"]
[Site "Willingen GER"]
[Date "2015.05.28"]
[Round "8"]
[White "Schmidt, Pauline"]
[Black "Zeuner, Ole"]
[Result "0-1"]
[Termination "normal"]
[Board "14"]
[WhiteElo "1184"]
[BlackElo "1484"]
[PlyCount "84"]
[WhiteFideId "16209850"]
[BlackFideId "12943576"]
[EventCountry "GER"]
[EventRounds "11"]
[EventType "swiss"]
[EventDate "2015.05.23"]

1. e4 c5 2. Nc3 Nc6 3. Nge2 d6 4. g3 Nf6 5. Bg2 e6 6. O-O Be7 7. d3 O-O 8. h3
d5 9. d4 dxe4 10. Nxe4 Nxd4 11. Nxd4 Qxd4 12. Qxd4 cxd4 13. Rd1 Rd8 14. Bg5 e5
15. Nxf6+ gxf6 16. Bh6 Rb8 17. Rd3 Bf5 18. Rd2 b6 19. g4 Be6 20. f4 Rbc8 21. f5
Bd5 22. Bxd5 Rxd5 23. Rc1 Rdc5 24. b3 R5c7 25. Rf2 Ba3 26. Rcf1 Rxc2 27. Rxc2
Rxc2 28. g5 fxg5 29. Bxg5 Kg7 30. Re1 f6 31. Bh4 Rxa2 32. Rd1 Rb2 33. Rd3 Bd6
34. Rd1 Rxb3 35. Rc1 a5 36. Ra1 Ra3 37. Rb1 Rxh3 38. Bf2 a4 39. Ra1 a3 40. Be1
e4 41. Kf2 Rf3+ 42. Ke2 h5 0-1

[Event "DEM U10/U10w 2015"]
[Site "Willingen GER"]
[Date "2015.05.28"]
[Round "8"]
[White "Huo, Da"]
[Black "Lutz, Adam"]
[Result "1/2-1/2"]
[Termination "normal"]
[Board "15"]
[WhiteElo "1179"]
[BlackElo "1481"]
[PlyCount "109"]
[WhiteFideId "16221206"]
[BlackFideId "16226615"]
[EventCountry "GER"]
[EventRounds "11"]
[EventType "swiss"]
[EventDate "2015.05.23"]

1. e4 c5 2. Nf3 e6 3. d4 cxd4 4. Nxd4 Nf6 5. Nc3 d6 6. Bg5 Be7 7. Bc4 a6 8. Qd2
b5 9. Bd3 Bb7 10. a3 Nc6 11. Nxc6 Bxc6 12. O-O O-O 13. Rfe1 Qc7 14. Qe3 e5 15.
Qg3 Kh8 16. Qh3 Bd7 17. Qe3 Ng4 18. Qd2 Bxg5 19. Qxg5 Qc5 20. Rf1 h6 21. Qd2
Be6 22. h3 Nf6 23. Rfe1 Nh5 24. Qe3 Qc6 25. Ne2 Rfd8 26. Qf3 Nf6 27. Nc3 Rac8
28. Rac1 Qc5 29. Qe3 Nh5 30. Qxc5 dxc5 31. Be2 Nf4 32. Bf3 Rd2 33. Red1 Rcd8
34. Kf1 Kg8 35. Ke1 Rxd1+ 36. Rxd1 Rxd1+ 37. Kxd1 Kf8 38. Ne2 Nxe2 39. Kxe2 Ke7
40. Kd3 Kd6 41. c3 Bc4+ 42. Ke3 a5 43. Be2 Bxe2 44. Kxe2 Ke6 45. b4 axb4 46.
axb4 cxb4 47. cxb4 f5 48. f3 f4 49. Kf2 Kf6 50. g4 Kg5 51. Kg2 Kh4 52. Kh2 g5
53. Kg2 h5 54. Kh2 hxg4 55. hxg4 1/2-1/2

[Event "DEM U10/U10w 2015"]
[Site "Willingen GER"]
[Date "2015.05.28"]
[Round "8"]
[White "Toval, David"]
[Black "Laux, Dominik"]
[Result "1-0"]
[Termination "normal"]
[Board "16"]
[WhiteElo "1528"]
[BlackElo "1273"]
[PlyCount "33"]
[WhiteFideId "12992755"]
[BlackFideId "12994219"]
[EventCountry "GER"]
[EventRounds "11"]
[EventType "swiss"]
[EventDate "2015.05.23"]

1. e4 c6 2. d4 d5 3. Nc3 dxe4 4. Nxe4 Bf5 5. Ng3 Bg6 6. Bc4 e6 7. N1e2 h6 8.
O-O Nd7 9. Nf4 Bh7 10. Re1 Be7 11. Ngh5 Ngf6 12. Nxg7+ Kf8 13. Ngxe6+ fxe6 14.
Nxe6+ Ke8 15. Nxd8 Kxd8 16. Bxh6 Kc7 17. Rxe7 1-0

[Event "DEM U10/U10w 2015"]
[Site "Willingen GER"]
[Date "2015.05.28"]
[Round "8"]
[White "Mailitis, Ricardo"]
[Black "Rockmann, Enno"]
[Result "1-0"]
[Termination "normal"]
[Board "17"]
[WhiteElo "1370"]
[BlackElo "1269"]
[PlyCount "77"]
[WhiteFideId "12977535"]
[BlackFideId "12982920"]
[EventCountry "GER"]
[EventRounds "11"]
[EventType "swiss"]
[EventDate "2015.05.23"]

1. Nf3 Nf6 2. e3 Nc6 3. c4 e5 4. d4 e4 5. Nfd2 Bb4 6. a3 Bxd2+ 7. Nxd2 O-O 8.
Qc2 d5 9. cxd5 Qxd5 10. Bc4 Qg5 11. Rg1 Qg6 12. Nf1 Be6 13. Be2 Na5 14. Rb1 Nc6
15. Ng3 Qg5 16. Nxe4 Nxe4 17. Qxe4 Bf5 18. h4 Qf6 19. Qf3 Bxb1 20. Qg3 Qe7 21.
Rh1 h6 22. e4 Bxe4 23. Bxh6 Qf6 24. Bg5 Qd6 25. Bf4 Qxd4 26. h5 Qxb2 27. h6
Rfe8 28. Be3 g6 29. Bc4 Rad8 30. Qf4 Qb1+ 31. Bc1 Bxg2+ 32. Be2 Nd4 33. h7+ Kf8
34. h8=Q+ Ke7 35. Qxc7+ Rd7 36. Qhe5+ Ne6 37. Qed6+ Kf6 38. Qc3+ Kf5 39. Qde5#
1-0

[Event "DEM U10/U10w 2015"]
[Site "Willingen GER"]
[Date "2015.05.28"]
[Round "8"]
[White "Farokhi, Keyvan"]
[Black "Kruse, Kilian"]
[Result "1-0"]
[Termination "normal"]
[Board "18"]
[WhiteElo "1262"]
[BlackElo "1346"]
[PlyCount "69"]
[WhiteFideId "12998630"]
[BlackFideId "16205413"]
[EventCountry "GER"]
[EventRounds "11"]
[EventType "swiss"]
[EventDate "2015.05.23"]

1. e4 c5 2. Nf3 Nc6 3. d4 cxd4 4. Nxd4 Nf6 5. Nc3 d6 6. f3 g6 7. Be3 Bg7 8. Qd2
O-O 9. O-O-O a6 10. g4 b5 11. h4 Ne5 12. g5 Nfd7 13. h5 b4 14. Nd5 a5 15. Qh2
e6 16. hxg6 fxg6 17. Nxe6 Qe8 18. Nxg7 Qd8 19. Ne6 Qe8 20. Nxf8 Nxf8 21. Nf6+
Kf7 22. Nxe8 Kxe8 23. Rxd6 Nxf3 24. Qf4 Nxg5 25. Qxg5 Be6 26. Bb5+ Bd7 27. Qe5+
Kd8 28. Bxd7 Nxd7 29. Rhd1 Ra7 30. Bxa7 Kc8 31. Qe8+ Kb7 32. Qxd7+ Ka8 33. Qc8+
Kxa7 34. Qc7+ Ka8 35. Rd8# 1-0

[Event "DEM U10/U10w 2015"]
[Site "Willingen GER"]
[Date "2015.05.28"]
[Round "8"]
[White "Pachmann, Johannes"]
[Black "Nguyen, Phuong Thao Vivien"]
[Result "0-1"]
[Termination "normal"]
[Board "19"]
[WhiteElo "1308"]
[BlackElo "1195"]
[PlyCount "56"]
[WhiteFideId "16250451"]
[BlackFideId "16210735"]
[EventCountry "GER"]
[EventRounds "11"]
[EventType "swiss"]
[EventDate "2015.05.23"]

1. e4 c5 2. d3 d6 3. Nf3 Nf6 4. Nc3 g6 5. d4 cxd4 6. Nxd4 Bg7 7. Be3 O-O 8. f3
Nc6 9. Bc4 Bd7 10. Qd2 Rc8 11. Bb3 Ne5 12. O-O-O Nc4 13. Bxc4 Rxc4 14. b3 Rc8
15. Nde2 Qc7 16. Bh6 b5 17. b4 Rfe8 18. h4 Qc4 19. a3 Bh8 20. h5 Be6 21. Rh2
Nd7 22. Kb2 a5 23. bxa5 b4 24. axb4 Qxb4+ 25. Kc1 Qa3+ 26. Kb1 Rb8+ 27. Nb5
Rxb5+ 28. Qb4 Rxb4# 0-1

[Event "DEM U10/U10w 2015"]
[Site "Willingen GER"]
[Date "2015.05.28"]
[Round "8"]
[White "Breß, Aaron"]
[Black "Liu, Sijia Anna"]
[Result "1-0"]
[Termination "normal"]
[Board "20"]
[WhiteElo "1674"]
[BlackElo "1147"]
[PlyCount "43"]
[WhiteFideId "12996432"]
[BlackFideId "12989746"]
[EventCountry "GER"]
[EventRounds "11"]
[EventType "swiss"]
[EventDate "2015.05.23"]

1. e4 e5 2. Nf3 Nc6 3. Bb5 a6 4. Ba4 d6 5. O-O Bg4 6. c3 g6 7. h3 h5 8. d3 Bg7
9. Nbd2 b5 10. Bc2 b4 11. Ba4 Nge7 12. hxg4 hxg4 13. Nh2 Qd7 14. Qxg4 f5 15.
exf5 Nxf5 16. Qxg6+ Ke7 17. Bxc6 Qxc6 18. Qxf5 Rag8 19. Ne4 Rh4 20. Bg5+ Ke8
21. Qe6+ Kf8 22. Qe7# 1-0

[Event "DEM U10/U10w 2015"]
[Site "Willingen GER"]
[Date "2015.05.28"]
[Round "8"]
[White "Zwecker, Hagen"]
[Black "Jahrke, Jonas"]
[Result "0-1"]
[Termination "normal"]
[Board "21"]
[WhiteElo "1145"]
[BlackElo "1372"]
[PlyCount "132"]
[WhiteFideId "12991007"]
[BlackFideId "12984353"]
[EventCountry "GER"]
[EventRounds "11"]
[EventType "swiss"]
[EventDate "2015.05.23"]

1. e4 c5 2. Nf3 e6 3. d3 Qc7 4. g3 b5 5. Bg2 d6 6. O-O Nf6 7. Bf4 Nbd7 8. Re1
Bb7 9. Nbd2 Be7 10. Nf1 O-O 11. e5 dxe5 12. Bxe5 Nxe5 13. Rxe5 Bxf3 14. Bxf3
Qxe5 15. Bxa8 Rxa8 16. c3 Rd8 17. Rc1 Qf5 18. d4 cxd4 19. cxd4 Qd5 20. Rc7 Bc5
21. Ne3 Qd6 22. Rxc5 Qxc5 23. dxc5 Rxd1+ 24. Nxd1 Kf8 25. Nc3 b4 26. Na4 Ke7
27. Kf1 Kd7 28. Ke2 Kc6 29. Kd3 Ng4 30. Kd4 Nxf2 31. a3 bxa3 32. bxa3 Ng4 33.
h3 Nf2 34. h4 Nh1 35. g4 h6 36. Ke5 Nf2 37. g5 hxg5 38. hxg5 Nh3 39. g6 fxg6
40. Kxe6 Nf4+ 41. Kf7 g5 42. Nc3 g4 43. Ne4 Kd5 44. Ng3 Kxc5 45. Kxg7 Kd4 46.
Kf6 Ke3 47. Ke7 Kf3 48. Nf5 Ne2 49. Kd7 Kf4 50. Nh4 g3 51. Kc7 Kg4 52. Ng2 Kh3
53. Ne1 Kh2 54. Kb7 a5 55. Kb6 Kg1 56. Kxa5 Kf2 57. Nd3+ Ke3 58. Ne1 Nf4 59. a4
Ke2 60. Kb6 Kxe1 61. a5 g2 62. a6 g1=Q+ 63. Kb7 Qg7+ 64. Ka8 Nd5 65. a7 Nb6+
66. Kb8 Kd2 0-1

[Event "DEM U10/U10w 2015"]
[Site "Willingen GER"]
[Date "2015.05.28"]
[Round "8"]
[White "Dietz, Kristin"]
[Black "Pietsch, Julius"]
[Result "1/2-1/2"]
[Termination "normal"]
[Board "22"]
[WhiteElo "1249"]
[BlackElo "1202"]
[PlyCount "62"]
[WhiteFideId "12993743"]
[BlackFideId "12985660"]
[EventCountry "GER"]
[EventRounds "11"]
[EventType "swiss"]
[EventDate "2015.05.23"]

1. e4 e5 2. Nf3 Nc6 3. Bb5 Nf6 4. O-O d6 5. Re1 Bg4 6. Nc3 Be7 7. h3 Bxf3 8.
Qxf3 O-O 9. d3 h6 10. Be3 a6 11. Ba4 b5 12. Bb3 Na5 13. Bd5 c6 14. Bb3 Nxb3 15.
axb3 Qd7 16. d4 Rfc8 17. Rad1 Qc7 18. Rd2 c5 19. dxc5 dxc5 20. Nd5 Nxd5 21.
Rxd5 Rd8 22. Red1 Rxd5 23. Rxd5 Rd8 24. Rd1 Bf6 25. Qe2 Rd6 26. Rd2 Qd7 27.
Rxd6 Qxd6 28. Qd2 Qxd2 29. Bxd2 Bg5 30. Bxg5 hxg5 31. Kf1 g6 1/2-1/2